| 000 | 00696nam a2200241 a 4500 | ||
|---|---|---|---|
| 999 |
_c9816 _d9816 |
||
| 001 | 9816 | ||
| 003 | BD-JhCC | ||
| 005 | 20180401180429.0 | ||
| 008 | 180401s1923 enk fc 001 p eng d | ||
| 035 | _a(BD-JhCC)9816 | ||
| 040 |
_aBD-JhCC _dBD-JhCC |
||
| 041 | _aeng | ||
| 082 |
_a821.89 _bSCO 1967 |
||
| 100 | 1 |
_aScott, Walter, _d1771-1832. |
|
| 245 | 1 | 0 |
_aScott's poetical works / _cwith introduction by Lauchlan MacLean Watt. |
| 260 |
_aLondon : _bCollins' Clear-Type Press, _c[1923] |
||
| 300 |
_axx, 980 p. : _bfrontis. port. ; _c19 cm. |
||
| 500 | _aIntroduction dated 1923. | ||
| 650 | _aPoetry | ||
| 700 | 1 |
_aWatt, Lauchlan MacLean, _d1867-1957. |
|
| 942 |
_2ddc _cBK |
||